Random Trivia 1: Historical Figures - Statistics

General Stats
  • This quiz has been taken 19 times
  • The average score is 4 of 15
Answer Stats
Hint Answer % Correct
What state were the first five US presidents, excluding John Adams, from? Virginia
89%
What is the current name of the city named after the Emperor Constantine? Istanbul
83%
What revolution did Mao Zedong initiate in 1966? Cultural Revolution
44%
What does Stalin mean in Joseph Stalin's name? Man of Steel
28%
What crime forced Erik the Red to leave his homeland? Patricide
28%
What battle did the British brigadier general, Richard Montgomery, die in? Battle of Quebec
17%
What was Shaka Zulu's capital city? Bulawayo
17%
What did the Austrian artillery officer, August Zang, invent? Croissant
17%
What film character is Timothy Spall best known for portraying? Peter Pettigrew
17%
Where was Aung San assassinated? Rangoon
17%
What character did Chuck Dixon and Graham Nolan create in 1993? Bane
11%
Who has been claimed to be the grandfather of Toussaint L'Overture? Gaou Guinon
11%
What incident did Bhagat Singh witness at age 12? Jallianwala Bagh
11%
What was Walt Disney's first character? Oswald the Rabbit
11%
What animal was Steve Irwin afraid of? Parrots
11%
No matching quizzes found
Score Distribution
Percent of People with Each Score
Percentile by Number Answered
Your Score History
You have not taken this quiz